| 000 | 01080cam a2200253 4500 | ||
|---|---|---|---|
| 008 | #DATE n2002 000 0 eng u | ||
| 020 | _a0130611980 | ||
| 035 | _a(Sirsi) u120025 | ||
| 041 | _aeng | ||
| 050 |
_a333.70285 _c18 |
||
| 100 | _aHeywood, I. | ||
| 245 | 3 | _aAn introduction to geographical information systems | |
| 250 | _a2nd ed. | ||
| 260 |
_aHarlow _bPearson _c2002 |
||
| 300 |
_axv, 295p. _bill. _c25cm. |
||
| 350 | _a22.99 | ||
| 520 | _aIntroduces the world of Geographical Information Systems (GIS), focusing on the practical applications of GIS. Among the themes addressed are spatial data and spatial data modelling, attribute data management, analytical modelling in GIS, and data analysis. Also addresses a number of key issues in GIS, including the development of computer methods for handling spatial data. An accompanying online resource for this text is available at: www.booksites.net | ||
| 650 | _aGIS | ||
| 650 | _aSPATIAL DATA | ||
| 690 | _aMAPPING AND MEASUREMENT-GIS | ||
| 700 | _aCornelius, S. | ||
| 700 | _aCarver, S. | ||
| 942 | _n0 | ||
| 999 |
_c102460 _d102460 |
||